000 01097cam a2200289 i 4500
003 SA-RiAUC
005 20250723061157.0
008 250721s1972 mr b g 00000 ara c
040 _aSA-RiAUC
_bara
_cSA-RiAUC
_erda
043 _af-mr---
082 0 4 _a964
090 _a964
_bو ر ط
100 1 _aالورطاسي، قدور،
_d1912-1994
_eمؤلف.
245 1 0 _aمعالم من تاريخ وجدة /
_cقدور الورطاسي.
264 1 _a[مكان النشر غير محدد] :
_b[الناشر غير محدد]،
_c1972
264 3 _aالرباط :
_bمطبعة الرسالة
300 _a122 صفحة :
_bخريطة مطوية ؛
_c21 سم.
336 _aنص
_btxt
_2rdacontent
_3كتاب
337 _aبدون وسيط
_bn
_2rdamedia
338 _aمجلد
_bnc
_2rdacarrier
440 0 _aسلسلة روائع الخالدية
651 7 _aالمغرب
_xتاريخ
_yقرن 20
_2aucsh
651 7 _aوجدة (المغرب)
_xتاريخ
_2aucsh
651 7 _aالمغرب
_xوصف ورحلات
_2aucsh
942 _2ddc
_cBOOK
_n0
949 _aSA-JeALM
_d250721
_umohamedma123
_n1
999 _c10206
_d10206